LEADER 01737nam a2200349 u 4500 001 000000018584 003 CaOOAMICUS 005 20100212111804.0 008 950109s1925 it u000 u ita r 035 $a10439617 040 $aPUL(R)$bita$dMCT 100 1 $aLevasti, Arrigo,$d1886-1973.$0(OLS)http://pul/name/16507 245 12$aI mistici /$cArrigo Levasti. 260 $aFirenze :$bR. Bemporad,$c1925. 300 $a2 v. ;$c19 cm 490 1 $aI libri necessari 505 0 $av. 1. Greco-orientali. Latini. Medievali. Italiani. -- v. II. Tedeshi e Paesi Bassi. Spagnuoli. Francesi e belgi. Inglesi. Polacchi. 650 4$aMisticismo.$0(OLS)http://pul/subject/2407 650 4$aMistici.$0(OLS)http://pul/subject/35588 830 2$aI libri necessari.$0(OLS)http://pul/title/26449 850 $aPUL 852 $aPUL$W1$xSL Religione 1$y3$m41 E 57-58$j26179$nBK-PRI$b $qStampati$B26179$CPULBib$Z2$F26179 $H $81 852 $aPUL$W1$xSL Religione 1$y3$m41 E 57-58$j26179$nBK-PRI$b $qStampati$B26180$CPULBib$Z2$F26180 $H $81 852 $aPUL$W1$xDP1 Religione 1$y20$m576 E 13$j137591$av. 1, 2. copia$qStampati$B136689$CPULBib$Z2$F136689 $H54852 $82 852 $aPUL$W1$xDP1 Religione 1$y20$m576 E 14$j137592$av. 2, 2. copia$qStampati$B136690$CPULBib$Z2$F136690 $H54863 $82 941 1 $a8 961 $aINV: 39091, 39092 961 $aINV: 39091, 39092 961 $aTimbro: Fondo Mons. Igino Cecchetti. 961 $aTimbro: Fondo Mons. Igino Cecchetti. 996 $6245$aI mistici$9(OLS)http://pul/title/26448 996 $6260$aFirenze :$bR. Bemporad$9(OLS)http://pul/publisher/48418 LEADER 01409nam a2200313 a 4500 001 000000171268 003 CaOOAMICUS 005 20181221120052.0 008 181221s2013 it u000 u ita r 020 $a978-88-209-9086-2* 032 $aLibriCat 040 $aPUL$bita 082 04$a252 100 1 $aColosi, Lorenzina.$0(OLS)http://pul/name/110022 245 10$aFrammenti di una storia :$bUfficio Catechistico di Roma, 1958-2008 /$cLorenzina Colosi ; presentazione del Card. Camillo Ruini. 260 $aCittą del Vaticano :$bLibreria editrice vaticana,$c©2013. 300 $a232 p. ;$c21 cm. 504 $aBibliografia in nota. 650 4$aCatechismo$xInsegnamento.$0(OLS)http://pul/subject/39346 650 4$aCatechismo della Chiesa cattolica.$0(OLS)http://pul/subject/28591 700 1 $aRuini, Camillo,$ccard.,$d1931-$0(OLS)http://pul/name/19821 850 $aPUL 852 $aPUL$W1$xSL Religione 3$y85$m252 COLLO 1$j194948$qDDC 21$B199848$CPULBib$Z2$F199848 $H132064 $81 941 1 $a9 996 $6020$a978-88-209-9086-2*$9(OLS)http://pul/number/165588 996 $6082$a252$9(OLS)http://pul/classification/561 996 $6245$aFrammenti di una storia :$bUfficio Catechistico di Roma, 1958-2008$9(OLS)http://pul/title/212108 996 $6260$aCittą del Vaticano :$bLibreria editrice vaticana$9(OLS)http://pul/publisher/47920